000 00270nam a22001097a 4500
008 240610b |||||||| |||| 00| 0 eng d
100 _aMirchandani, Namkram
_915207
245 _aNajik Gulara
260 _aAjmer:
_bKnurmal Sahitya;
_c1968.
300 _a148p.
942 _cBK
999 _c39454
_d39454